000 00402nam a22001577a 4500
005 20251108174722.0
008 250721s2002 xx 000 0 eng d
082 1 4 _aR/649.8/COM
245 1 0 _aComplete Guide To Caring For Aging Loved Ones /
264 _bTyndale House Publishers,
_c2002.
300 _a558P.
650 1 7 _aOLDER PEOPLE
650 1 7 _aCARING
942 _2ddc
_cBK
999 _c116270
_d116270